00645cam a22002291 45000010008000000030005000080050017000130080041000300100017000710350019000880400025001070420012001320500021001440820010001651100040001752450046002152500018002612600065002793000024003445000020003686500027003886551992PILC20160105131531.0760510s1960 nyu 000 0 eng  a 60004205  a(OCoLC)2166071 aDLCcOYUdOCoLCdDLC apremarc00aRA 643b.A5 1975 a614.42 aAmerican Public Health Association.10aControl of communicable diseases in man / a13th edition. aWashington, DC :bAmerican Public Health Association,c1975. a443 pages ;c20 cm. aIncludes index. 0aCommunicable diseases.